|
|
|
|
| LEADER |
00000nam0a2200000 4500 |
| 001 |
177675 |
| 005 |
20231101223341.0 |
| 010 |
|
|
|a 9785397013116
|
| 035 |
|
|
|a (RuTPU)RU\TPU\book\192643
|
| 090 |
|
|
|a 177675
|
| 100 |
|
|
|a 20100324d2010 m y0rusy50 ca
|
| 101 |
0 |
|
|a fre
|a rus
|
| 102 |
|
|
|a RU
|
| 105 |
|
|
|a y j 000zy
|
| 200 |
1 |
|
|a Учитесь читать по-французски. Краткий программированный самоучитель
|f В. Г. Гак, Л. А. Мурадова
|
| 205 |
|
|
|a 2-е изд., испр.
|
| 210 |
|
|
|a Москва
|c Либроком
|d 2010
|
| 215 |
|
|
|a 217 с.
|
| 330 |
|
|
|a Настоящее пособие является кратким самоучителем, позволяющим в течение нескольких недель, без излишних усилий, научиться читать и понимать французский текст средней трудности из периодической печати. В пособии использованы элементы программированного обучения и специально разработанная оригинальная методика, на основе которой можно, не обращаясь к другим учебникам и словарям, достаточно полно изучить французскую грамматику и запомнить более 2000 слов. Усвоение материалов самоучителя даст возможность перейти к чтению со словарем любых французских текстов.
|
| 606 |
1 |
|
|a Французский язык
|x Учебные руководства и пособия для вузов
|2 stltpush
|3 (RuTPU)RU\TPU\subj\16836
|9 42736
|
| 610 |
1 |
|
|a грамматика
|
| 610 |
1 |
|
|a лексика
|
| 610 |
1 |
|
|a чтение
|
| 610 |
1 |
|
|a произношение
|
| 610 |
1 |
|
|a фонетика
|
| 610 |
1 |
|
|a транскрипция
|
| 610 |
1 |
|
|a самоучители
|
| 610 |
1 |
|
|a учебные пособия
|
| 686 |
|
|
|a Ш147.11-922
|v LBC/SL-A
|2 rubbk
|
| 700 |
|
1 |
|a Гак
|b В. Г.
|g Владимир Григорьевич
|
| 701 |
|
1 |
|a Мурадова
|b Л. А.
|g Лариса Андреевна
|
| 801 |
|
1 |
|a RU
|b 63413507
|c 20100324
|
| 801 |
|
2 |
|a RU
|b 63413507
|c 20120712
|g RCR
|
| 942 |
|
|
|c BK
|
| 959 |
|
|
|a 21/20100323
|d 1
|e 188,98
|f ЧЗИЛ:1
|